Principles of International Law (Record no. 1312625)
[ view plain ]
| 000 -LEADER | |
|---|---|
| fixed length control field | 00445nam a2200169Ia 4500 |
| 005 - DATE AND TIME OF LATEST TRANSACTION | |
| control field | 20250612142916.0 |
| 008 - FIXED-LENGTH DATA ELEMENTS--GENERAL INFORMATION | |
| fixed length control field | 008 250505s9999 xx 000 0 eng d |
| 020 ## - INTERNATIONAL STANDARD BOOK NUMBER | |
| International Standard Book Number | 9789391155612 |
| 040 ## - CATALOGING SOURCE | |
| Language of cataloging | eng |
| Transcribing agency | ILCL |
| 041 ## - LANGUAGE CODE | |
| Language code of text/sound track or separate title | eng |
| Source of code | eng |
| 084 ## - COLON CLASSIFICATION NUMBER | |
| Classification number | Z1 R2 |
| 100 ## - MAIN ENTRY--PERSONAL NAME | |
| Personal name | Kelsen, Hans |
| 245 #0 - TITLE STATEMENT | |
| Title | Principles of International Law |
| 260 ## - PUBLICATION, DISTRIBUTION, ETC. | |
| Place of publication, distribution, etc. | Bangalore |
| Name of publisher, distributor, etc. | MPP House |
| Date of publication, distribution, etc. | 2022 |
| 300 ## - PHYSICAL DESCRIPTION | |
| Extent | xvii,461p. |
| 942 ## - ADDED ENTRY ELEMENTS (KOHA) | |
| Koha item type | Textbook |
| Source of classification or shelving scheme | |
| 100 ## - MAIN ENTRY--PERSONAL NAME | |
| -- | 27159 |
| 999 ## - | |
| -- | 1312625 |
| -- | 1312625 |
| Withdrawn status | Lost status | Damaged status | Not for loan | Home library | Current library | Date acquired | Source of acquisition | Cost, normal purchase price | Inventory number | Total checkouts | Full call number | Barcode | Date last seen | Date last checked out | Price effective from | Koha item type |
|---|---|---|---|---|---|---|---|---|---|---|---|---|---|---|---|---|
| Integrated Law Course library | Integrated Law Course library | Singhal Publications | 895.00 | 2535 dt.26-06-2024 | 1 | Z1 R2 | IL1863785 | 2025-09-18 | 2025-09-11 | 2025-05-06 | Textbook | |||||
| Integrated Law Course library | Integrated Law Course library | Singhal Publications | 895.00 | 2535 dt.26-06-2024 | Z1 R2 | IL1863786 | 2025-05-06 | 2025-05-06 | Textbook |
